000
00338pab a2200145 454500
008
180718b1990 xxu||||| |||| 00| 0 eng d
100
_a
Bowler, Shaun
245
_a
Voter perceptions and party strategies
260
_c
1990
300
_a
61-83
362
_a
Oct.
650
_a
Voting
773
_a
Comparative Politics
909
_a
20476
999
_c
20476
_d
20476